000 01313nam a22002055i 4500
001 167079
003 ES-MaACL
005 20240529062950.0
008 990901m18261832sp |||| | spa d
040 _aCCPB | B
_bspa
_cCCPB | B
100 1 _aVega, Lope de,
_d1562-1635
_9113563
245 1 0 _aComedias escogidas de Frey Lope Felix de Lope Vega.
260 _aMadrid :
_b[s.n.],
_c1826-1832 (
_fImprenta de D.M. Ortega)
300 _a4 v. ;
_c15 cm.
505 8 _aContiene: Tomo I. ; Los Milagros del desprecio. La Esclava de su galán. El Premio del gien hablar. El Mayor imposible, 1826, 489 p. 3 h.; Tomo II. ; La Hermosa fea. Por la puente, Juana. Al pasar el arroyo. El perro del hortelano, 1828, 216 p. 4 h. ; Tomo III. ; Las Flores de Don Juan y Rico y pobre trocados. ¡Si no vieran las mujeres!. La boba para los otros y discreta para sí. Las Bizarrias de Belisa. 1830, 274 p. ; Tomo IV. ; Lo que ha de ser. El Molino. La Dama melindrosa. Los locos de Valencia, 1832
510 4 _aPalau,
_c355416
596 _aEn el pie de imprenteta del tomo segundo: "Imprenta de Ortega y Compañia, 1828"
852 _x
_aBA
_jR-2384-87
_z-- Enc. pasta
_x-- Edic.: T.IV: "Comedias escojidas ...", 1832 (556, [1] p.) y en los t.III-IV, Imprenta de Ortega
_x Olim: F-1082-83
999 _c167079
_d167079